A Moslem saint of the twentieth century : Shaikh Ahmad al-ʻAlawī, his spiritual heritage and legacy.

محفوظ في:

المؤلف الرئيسي: Lings, Martin.

التنسيق: كتاب

اللغة: English

منشور في: London : Allen & Unwin, [1961].

سلاسل: Ethical and religious classics of East and West ; 23.

الموضوعات:

الوسوم: إضافة وسم

لا توجد وسوم, كن أول من يضع وسما على هذه التسجيلة!

رقم الطلب: BP80 .A54 L5 1961

LEADER 00828nam a22002657a 4500
003 OSt
005 20260202135631.0
008 260202t1961 enka 000 0 eng
010 |a  63001688  
015 |a GB61-17435 
035 |a (OCoLC)5146190 
040 |c ARCE Library 
042 |a premarc 
050 1 4 |a BP80 .A54  |b L5 1961 
100 1 |a Lings, Martin. 
245 1 2 |a A Moslem saint of the twentieth century :   |b Shaikh Ahmad al-ʻAlawī, his spiritual heritage and legacy. 
260 |a London :   |b Allen & Unwin,   |c [1961]. 
300 |a 224 p. :   |b illus. ;   |c 22 cm. 
490 0 |a Ethical and religious classics of East and West ;   |v 23. 
600 1 0 |a ʻAlawī, Aḥmad ibn Muṣṭafá,  |d 1869-1934. 
650 0 |a Muslim saints. 
650 0 |a Mysticism   |x Islam. 
901 |a reviewed 
942 |2 lcc  |c BK 
999 |c 49055  |d 49055